000 00339nam a2200145 a 4500
003 DLC
005 20210219152747.0
022 _a0305-5698
035 _aUPN01000060201
245 0 0 _aEDUCATIONAL STUDIES (OXFORD, ING)
260 _aInglaterra:
_bCarfax Publishing
310 _aCuatrimestral
905 _aRevista
999 _c60030
_d60030